|
|
|
|
| LEADER |
01577nam a2200349 a 4500 |
| 001 |
0017831 |
| 003 |
BD-DhAAL |
| 008 |
071210s2007 it a bc 000 0deng d |
| 010 |
|
|
|a 2007457289
|
| 020 |
|
|
|a 9788876246470 :
|c 85.00 EUR
|
| 035 |
|
|
|a (ItFiC)it 07582242
|
| 040 |
|
|
|a ItFiC
|c ItFiC
|d DLC
|d BD-DhAAL
|
| 042 |
|
|
|a lccopycat
|
| 043 |
|
|
|a e-it---
|
| 050 |
0 |
0 |
|a NA1123.C538
|b A4 2007
|
| 082 |
0 |
4 |
|a 720.92
|2 22
|
| 100 |
1 |
|
|a Cappellieri, Alba.
|9 31856
|
| 245 |
1 |
0 |
|a Antonio Citterio :
|b architecture and design /
|c Alba Cappellieri.
|
| 260 |
|
|
|a Milano :
|b Skira,
|c c2007.
|
| 300 |
|
|
|a 330 p. :
|b chiefly ill. (chiefly col.) ;
|c 29 cm
|
| 504 |
|
|
|a Includes bibliographical references (pages 327-330).
|
| 526 |
|
|
|a ARC
|x Md. Shajjad Hossain,
Faculty members of the Department of Architecture
|
| 541 |
|
|
|e 00017831
|a Zeenat Book Supply LTD
|
| 600 |
1 |
0 |
|a Citterio, Antonio,
|d 1950-
|v Catalogs.
|9 31857
|
| 600 |
1 |
0 |
|a Citterio, Antonio,
|d 1950-
|x Criticism and interpretation.
|9 31858
|
| 650 |
|
0 |
|a Architecture, Modern
|y 21st century
|v Designs and plans
|v Catalogs.
|9 31859
|
| 650 |
|
0 |
|a Design
|z Italy
|x History
|y 21st century
|v Catalogs.
|9 31860
|
| 700 |
1 |
|
|a Citterio, Antonio,
|d 1950-
|9 31861
|
| 852 |
1 |
|
|a Ayesha Abed Library
|c General Stacks
|
| 942 |
|
|
|2 ddc
|c BK
|
| 999 |
|
|
|c 10951
|d 10951
|
| 952 |
|
|
|0 0
|1 0
|2 ddc
|4 0
|6 720_920000000000000_CAP
|7 0
|9 17101
|a BRACUL
|b BRACUL
|c GEN
|d 2011-06-04
|e Zeenat Book Supply Limited
|g 7830.00
|l 1
|m 3
|o 720.92 CAP
|p 3010017831
|r 2024-11-05
|s 2024-09-30
|t 1
|w 2011-06-04
|y BK
|x Requisitioned by Md. Shajjad Hossain (Faculty members of the Department of Architecture).
|